000 00233nam a22000857a 4500
008 161128b xxu||||| |||| 00| 0 eng d
100 _91485
_aBernice. T
245 _aDavid and the giant
260 _aNew Delhi
_bIllinois scripture press
_c1998
999 _c4210
_d4210